100 Bandes dessinées - Statistiques

Statistiques générales
  • Ce quiz a été pris 606 fois
  • Le résultat moyen est 24 sur 100
Statistiques - réponses
Tomes Bande dessinée % Correct
Le Domaine des Dieux, Le Gaulois, Chez les Belges... Astérix
99%
Objectif Lune, Le Lotus Bleu, L'Etoile Mystérieuse... Tintin
89%
Les Schtroumpfs noirs, Le Schtroumpfissime, L'Apprenti Schtroumpf... Les Schtroumpfs
84%
La Ballade des Dalton, Canyon Apache, Calamity Jane... Lucky Luke
78%
Gaffes et gadgets, En direct de la gaffe, Le Géant de la gaffe... Gaston
75%
C'est pô juste, La Loi du préau, Le Miracle de la vie... Titeuf
74%
Coquin de cocker, Globe-trotters, Une vie de chien... Boule et Bill
68%
Les Chapeaux noirs, Tembo Tabou, Panade à Champignac... Spirou et Fantasio
62%
Ah le farniente, Une lasagne pour mon royaume, Tiens-bon la rampe... Garfield
60%
Le Secret de l'Espadon, La Marque jaune, S.O.S. Météores... Blake et Mortimer
59%
Un chariot dans l'Ouest, Les Déserteurs, Le Blanc-bec... Les Tuniques bleues
58%
Rififi en Palombie, Mars le noir, L'Or de Boavista... Marsupilami
57%
Le Secret de Petit Tonnerre, Au pays des loups, La Rivière de l'oubli... Yakari
55%
Premières Classes, Pépé se mouille, Où sont les freins... Cédric
50%
Les Vacances du calife, Le Tapis magique, Le Jour des fous... Iznogoud
47%
L'Héritier, Le Groupe W, Dutch Connection... Largo Winch
46%
Le Sphinx d'or, Le Dernier Spartiate, Le Fils de Spartacus... Alix
45%
Tu veux mon doigt, Demande à ton père, C'est pas de ton âge... Le Petit Spirou
45%
Un copieur sachant copier, Au coin, Le Roi des cancres... L'Elève Ducobu
44%
Génie civil, Génie en herbe, Un air de génie... Léonard
44%
Le Jour du soleil noir, Rouge Total, Le Dossier Jason Fly... XIII
44%
La Magicienne trahie, La Galère noire, L'Enfant des étoiles... Thorgal
43%
Interro surprise, Rentrée des artistes, Mise en examen... Les Profs
42%
Le Grand Défi, Le 13 est au départ, La trahison de Steve Warson... Michel Vaillant
40%
Apocalypse boy, Full métal casquette, Dark j'adore... Kid Paddle
37%
Agrippine, Allergies, Agrippine prend vapeur... Agrippine
34%
La Ballade de la mer salée, Les Celtiques, Tango... Corto Maltese
33%
Plus blondes que jamais, Mises à nu, Le Grand Huit... Les Blondes
33%
Les Taxis rouges, Madame Adolphine, Le Cirque Bodoni... Benoît Brisefer
32%
Le Trio de l'étrange, La Forge de Vulcain, La Fille du vent... Yoko Tsuno
32%
Le Châtiment de Basenhau, Le Pierre de Lune, Le Serment des Vikings... Johan et Pirlouit
31%
Les Âges farouches, Le Spectre de Taroa, Territoires interdits... Rahan
31%
Thanos l'Incongru, Castel Or-Azur, Cixi impératrice... Lanfeust de Troy
30%
La Momie engloutie, Le Pharaon maudit, L'Obélisque... Papyrus
28%
Les Japs attaquent, Ciel de Corée, Les Tigres volants... Buck Danny
27%
Mon fils à moi, Le Quadrumane optimiste, Le Roi des Zôtres... Achille Talon
25%
Au nom de la loi, Poulet aux amendes, Brigade mobile... L'Agent 212
25%
Histoires trolles, Comme un vol de pétaures, Le Feu occulte... Trolls de Troy
24%
Sortilèges, Inferno, Hocus Pocus... Mélusine
23%
La Mémoire de métal, Double Vol, Le Treizième Apôtre... Natacha
23%
Les Démons du Missouri, Cavalier bleu, Le Raid infernal... Blueberry
22%
L'Héritier de l'Inca, Les Galaxiens, La Menace des Kromoks... Le Scrameustache
22%
Pour qui tu te prends ?, Sale temps pour les moches, Les liens de l'amitié... Les Nombrils
21%
Journal infime, Mortebouse, L'Âge de cristal... Lou !
21%
Six foies neufs, Elle met mal l'alèse, Superpiquées... Les Femmes en blanc
20%
La disparition, Le clan du requin, Les Terres Basses... Seuls
20%
L'Ecole des Aigles, Danger dans le ciel, Mirage sur l'Orient... Tanguy et Laverdure
19%
Je vous écoute, Dites-moi tout, Chacun son tour... Les Psy
18%
Les 44 premiers trous, Morts aux dents, Cas d'os surprise... Pierre Tombal
18%
Traquenard au Havre, Mystère à Porquerolles, L'Ombre de Caméléon... Ric Hochet
17%
Atome et Brouillard, Ombre Jaune et Dragons, Monsieur Ming et l'Empereur... Bob Morane
16%
Haute tension, Jeux interdits, Chacun son tour... Quick et Flupke
16%
Le Testament de M. Pump, Destination New-York, La Vallée des Cobras... Jo, Zette et Jocko
15%
La Grande Menace, L'Ouragan de feu, Le Mystère Borg... Lefranc
15%
Bobo prend l'air, Un sac en cavale, La Carpette violente... Bobo
14%
La Bar-Mitzva, Le Malka des lions, Jérusalem d'Afrique... Le Chat du rabbin
14%
Le Serpent de Mer, Le Couroucou, Le Picasso volé... Les 4 As
14%
Quelque part entre les ombres, Arctic-Nation, Âme Rouge... Blacksad
13%
Pas de salades, Quand tu nous tiens, Remets-nous ça... Cubitus
13%
Bonjour Modeste, Non je ne m'énèrve pas, Ha!Ha!Ha!Ha!Ha!... Modeste et Pompon
13%
Diablotin à domicile, Démon de midi, Né pour nuire... Nelson
13%
Roman d'amour, En vacances, Téléspectateurs... Les Bidochon
12%
Un métier de chien, Attila au château, Le Mystère Z 14... Attila
11%
Libellule s'évade, La Voiture immergée, Surboum pour 4 roues... Gil Jourdan
11%
Le Trépassé de Kermellec, Les Larmes de Tlaloc, Corsaire du Roy... L'Epervier
10%
L'Ecole des vannes, La Rentrée des crasses, Tueur à gags... Les Blagues de Toto
10%
La Fille sous la dunette, Le Ponton, Le Comptoir de Juda... Les Passagers du vent
10%
Adieu monde cruel !, Elle est pas belle la vie ?, Tous aux abris !... Calvin et Hobbes
9%
Dans la peau d'un chat, Le Destin de Pirmin, Monsieur Papa... Billy the Cat
8%
C'est pas nous !, In-fer-naux, Interdit aux soeurs... Les P'tits Diables
8%
Combien, Tout est bon dans le garçon, Tu dépasses... Tamara
8%
Les Mauvais Rêves, L'Ambassadeur des Ombres, Le Pays sans étoile... Valérian et Laureline
8%
Terminus Canebière, Pizza aux pruneaux, Vodka mauresque... Léo Loden
7%
Le Démon des Caraïbes, Le Roi des Sept Mers, Défi au Roy... Barbe-Rouge
6%
Souviens-toi d'Enola Gay, Peau d'Enfer, Le Diable à l'aube... Jessica Blandy
5%
Max, Hanna, Werner... Dent d'ours
4%
Salade de bielles, Cauchemar mécanique, Plein pot... Garage Isidore
4%
Prélude à l'apeupréhistoire, Humo Sapiens, Commando reptile saurien... Nabuchodinosaure
4%
Les Baleines publiques, Les Sculpteurs de lumière, La Nuit du chat... Broussaille
3%
L'Invincible, Le Redoutable, L'Invulnérable... Captain Biceps
3%
Le Fils de l'Inca, Le Dragon vert, Reportages... Jeannette Pointu
3%
La Catastrophe, La Blonde, La Photo... Les Mondes d'Aldébaran
3%
Allegro Ford T, L'Homme des vieux, Balade en Ford T... Marc Lebut et son voisin
3%
Duo de choc, Passage de blaireaux, Jobs-trotters aux USA... Parker et Badger
3%
Les Trois Etoiles d'Ingaar, L'Epée de Ganaël, Le pays d'Aslor... Percevan
3%
Amour et forfaiture, Opération Camembert, Oui nide iou... Superdupont
3%
Chaud devant !, Plage cinq étoiles, Bikini surprise... Cactus Club
2%
L'école des gags, La vie à deux, Au fil des mauvais jours... César
2%
Le Signe des ténèbres, Le Vent des dragons, Ave Tenebrae... Chroniques de la Lune noire
2%
Slide à mort, Totale éclate, Frime Contrôle... Franky Snow
2%
Le Lionceau des sables, Le Casque celtibère, Makounda... Jugurtha
2%
Broie la vie en rose, Rose blanche, Prismatique... Maliki
2%
Capitaine Steene, Marie Vérité, Le Trésor du rajah blanc... Théodore Poussin
2%
La Sirène des Caraïbes, La Pyramide des tempêtes, Le Grand Secret... Donito
1%
Coup de poudre, Magnacat, Le Retour de Zach... Monster Allergy
1%
Spaghetti et la peintoure à l'houile, Au rendez-vous des cyclistes, La Double Vie de Prosciutto... Signor Spaghetti
1%
Le batracien aux dents d'or, Kamikaze cycliste, Le lévitant lama... Taka Takata
1%
En bonne compagnie, Mise en boîte, Agiter avant l'emploi... Tom Carbone
1%
It came from the moon, Troublants trous noirs, V... Muthafukaz
0%
Les Collines de Waverly, Le Tunnel, Mort blanche Pandemonium
0%
Aucun quiz correspondant
Distribution des résultats
% des personnes avec chaque résultat
Percentile par nombre de réponses
Votre historique - résultats
Vous n’avez pas pris ce quiz